UM Logo

Stronger connection: (Record no. 10524)

MARC details
000 -LEADER
fixed length control field 00431nam a2200121 4500
008 - FIXED-LENGTH DATA ELEMENTS--GENERAL INFORMATION
fixed length control field 180904b ||||| |||| 00| 0 eng d
082 ## - DEWEY DECIMAL CLASSIFICATION NUMBER
Classification number DPer 303.405 H22 June -Sept 2016 v.12 n. 7-10
245 ## - TITLE STATEMENT
Title Stronger connection:
Remainder of title samsung galaxy j7.
260 ## - PUBLICATION, DISTRIBUTION, ETC. (IMPRINT)
Place of publication, distribution, etc. Quezon City:
Name of publisher, distributor, etc. Hardware Zone Phils. Corp.,
Date of publication, distribution, etc. ©June -Sept 2016.
300 ## - PHYSICAL DESCRIPTION
Extent v12 n8, page 43:
Other physical details illustrations;
Dimensions 28 cm.
650 #0 - SUBJECT ADDED ENTRY--TOPICAL TERM
9 (RLIN) 30877
Topical term or geographic name as entry element Cellular telephones.
942 ## - ADDED ENTRY ELEMENTS (KOHA)
Source of classification or shelving scheme Dewey Decimal Classification
Koha item type Periodicals
Holdings
Withdrawn status Lost status Source of classification or shelving scheme Damaged status Not for loan Collection code Home library Current library Date acquired Total Checkouts Full call number Date last seen Price effective from Koha item type Public note
    Dewey Decimal Classification     Periodicals UM Digos College - LIC UM Digos College - LIC 09/04/2018   DPer 303.405 H22 June -Sept 2016 v.12 n. 7-10 09/04/2018 09/04/2018 Periodicals Periodical article